000 00385nam a22001697a 4500
003 OSt
008 210325b ||||| |||| 00| 0 eng d
020 _a9788188452491
082 _a658.452
_bDEC
100 _aDEHAVEN, Bred
245 _aConfident Converstations
250 _a1st
260 _aMumbai
_bEmbassy Books
_c200
300 _a83
650 _aGeneral
942 _2ddc
_cBK
999 _c10571
_d10571